Science - Chemistry | 0 | 7 | 0 | 1 | 70 | 67 | 106.57 | 1 | 7 |
Science - Physics | 0 | 6 | 0 | 1 | 60 | 82 | 111.50 | 2 | 6 |
Science - Biology | 0 | 5 | 0 | 1 | 50 | 77 | 102.60 | 4 | 5 |
Fine Arts - Auditory Fine Arts | 0 | 5 | 0 | 0 | 50 | 99 | 123.00 | 3 | 5 |
Fine Arts - Visual Fine Arts | 0 | 5 | 2 | 0 | 40 | 61 | 103.80 | 2 | 5 |
Other Science: Earth Science | 0 | 3 | 0 | 0 | 30 | 97 | 125.00 | 1 | 3 |
Literature - American Literature | 0 | 3 | 0 | 3 | 30 | 126 | 141.33 | 0 | 3 |
Beliefs | 0 | 3 | 1 | 1 | 25 | 87 | 111.67 | 1 | 3 |
Social Science | 0 | 2 | 0 | 1 | 20 | 123 | 132.50 | 1 | 2 |
Other Arts: Auditory | 0 | 2 | 1 | 0 | 15 | 109 | 128.00 | 1 | 2 |
History - European History | 0 | 1 | 0 | 1 | 10 | 133 | 133.00 | 0 | 1 |
Literature - European Literature | 0 | 1 | 0 | 1 | 10 | 150 | 150.00 | 0 | 1 |
Literature - British Literature | 0 | 1 | 0 | 0 | 10 | 127 | 127.00 | 0 | 1 |
Ancient History and Archaeology | 0 | 1 | 1 | 0 | 5 | 138 | 138.00 | 1 | 1 |
Other Arts: Visual | 0 | 1 | 1 | 1 | 5 | 129 | 129.00 | 0 | 1 |
Other Science: Astronomy | 0 | 1 | 1 | 0 | 5 | 109 | 109.00 | 0 | 1 |
Other Science: Math | 0 | 0 | 0 | 0 | 0 | | 0.00 | 0 | 0 |